Представление документа в формате RUSMARC

ПолеНазваниеЗначение
  Тип записи a
  Библиографический уровень m
001 Контрольный номер LIBNET\0000458488
005 Дата корректировки 20201206204925.0
010 Индекс ISBN __
a ISBN 978-5-9684-0833-4 (в пер.)
d Цена 256-52
100 Данные общей обработки __
a Данные общей обработки 19140910d2014||||||| 0rusy0189 ca
101 Язык документа 0_
a Язык текста rus
102 Страна публикации __
a Страна публикации ru
105 Кодированные данные (монография) __
a Кодированные данные (монография) a|||#|||000zy
200 Заглавие и сведения об ответственности 1_
a Заглавие Вода живая и мертвая против окисления и старения
f Первые сведения об ответственности Д. С. Ашбах
b Общее обозначение материала Текст
210 Выходные данные __
a Место издания Санкт-Петербург
c Издательство Вектор
d Дата издания 2014
215 Физическое описание __
a Объем 219, [1] с.
c Иллюстрации/тип воспроизводства ил., табл.
d Формат 21 см
225 Серия __
a Серия Здоровье на все 100!
300 Общие примечания __
a Общие примечания 2000 экз.
330 Аннотация __
a Аннотация В этой книге автор не просто рассказывает об удивительных свойствах воды с определенными редокс-потенциалами, но подробнейшим образом представляет свою доступную и эффективную методику лечения с помощью воды и минеральных добавок таких заболеваний как: диабет I и II типа; аденома предстательной железы, гипертония; онкологические заболевания; мастопатия и др. Кроме того, на страницах этой книги: уникальная методика для тех, кто ищет безлекарственные, но эффективные методы лечения; большое количество полезных рекомендаций, которые помогут читателям эффективно оздоравливать свой организм; четкое объяснение причин и развития различного рода нарушений здоровья и способы решения этих проблем. Книга позволит не только восстановить здоровье взрослым, но и обеспечить здоровое будущее детям, купировать возможные заболевания еще на стадии зарождения патологии.
606 Тематические рубрики __
a Основная рубрика Здравоохранение. Медицинские науки
606 Тематические рубрики __
a Основная рубрика Курортология
610 Ключевые слова __
a Ключевые слова гидротерапия
610 Ключевые слова __
a Ключевые слова аденома предстательной железы
a Ключевые слова аниониты
a Ключевые слова анолит
a Ключевые слова антиоксиданты
a Ключевые слова Ашбах методика
a Ключевые слова вода
a Ключевые слова водолечение
a Ключевые слова восстановление здоровья
a Ключевые слова гипертония
a Ключевые слова диабет
a Ключевые слова живая вода
a Ключевые слова здоровье человека
a Ключевые слова ионизированные растворы
a Ключевые слова катиониты
a Ключевые слова лечение аденомы простаты
a Ключевые слова лечение болезней
a Ключевые слова лечение водой
a Ключевые слова лечение гипертонии
a Ключевые слова лечение диабета
a Ключевые слова лечение заболеваний
a Ключевые слова лечение мастопатии
a Ключевые слова лечение онкологических заболеваний
a Ключевые слова лечение рака
a Ключевые слова мастопатия
a Ключевые слова мертвая вода
a Ключевые слова методика Ашбах
a Ключевые слова методы лечения
a Ключевые слова минеральные добавки
a Ключевые слова оздоровление организма
a Ключевые слова окисление организма
a Ключевые слова онкологические болезни
a Ключевые слова онкологические заболевания
a Ключевые слова питьевая вода
a Ключевые слова рак (медицина)
a Ключевые слова сахарный диабет
a Ключевые слова свойства воды
a Ключевые слова старение организма
a Ключевые слова травяные настои
686 Индексы других классификаций __
2 Код системы rubbks
a Классификационный индекс 53.544
700 Автор _1
a Фамилия Ашбах
b Имя Д. С.
c Титул (звания) канд. мед. наук
g Полное личное имя Дина Семеновна
4 Код отношения 070
801 Источник записи _0
a Страна ru
b Организация Муниципальное бюджетное учреждение культуры "Централизованная библиотечная система" г. Сургут (Центральная городская библиотека им. А. С. Пушкина)
c Дата составления 20140910
g Правила каталогизации КиК/Лукашук
801 Источник записи _1
a Страна ru
b Организация Муниципальное бюджетное учреждение культуры "Централизованная библиотечная система" г. Сургут (Центральная городская библиотека им. А. С. Пушкина)
c Дата составления 20140910
g Правила каталогизации КиК/Лукашук
852 Данные о местонахождении __
j Шифр хранения 53.544
i Авторский знак А 98
901 Тип документа 1_
t Тип документа m
903 Характеристики (МАРС) __
a Дата передачи 20140910
990 Данные о заказе (DOS) __
j Количество экземпляров (DOS) 1
t N записи в КСУ для И/У (DOS) 201409